000 00588nam a2200217Ia 4500
003 OSt
005 20220924135209.0
006 a|||||r|||| 00| 0
007 ta
008 220923b |||||||| |||| 00| 0 ben d
024 _a288927
037 _cTextual
040 _aARTS
_cARTS
_bben
041 _2ben
_aben
082 _aNT262aN00<-M72, 157M2
100 _aBhattacharyya Shankar
_9209876
245 0 _aBangla rangalayer itihaser upadan
260 _c1982
942 _hNT262aN00<-M72, 157M2
_cTEXL
_2CC
999 _c439956
_d439956